000 00269nam a2200109Ia 4500
008 231219s9999 xx 000 0 und d
041 _aeng
100 _aLawrence J.Gitman
245 _aPersonal Finance
260 _bThe Dryden Press ,Hinsdale
650 _aManagement
999 _c975610
_d975610